Responses for Show #6531 - Monday, January 28, 2013

Joshua Brakhage game 4.

Contestants

[<< previous game]

Kristin Durianski, an attorney from Merrillville, Indiana

Heather Montanye, an environmental resource manager from Monticello, Florida

Joshua Brakhage, a TV news producer originally from South Coffeyville, Oklahoma (whose 3-day cash winnings total $49,605)

[next game >>]

Jeopardy! Round responses

PROVERBS
SENDING THINGS
THE APPROPRIATE SPORT THEY PLAYED
NOT JUST DESSERTS
MYTHOLOGICAL MISTAKES
THE ANIMA"LL" KINGDOM
    $200 8
truth

Heather
    $200 26
Parcel

Heather
    $200 2
baseball

Kristin
    $200 1
cookies

Kristin
    $200 21
King Midas

Joshua
    $200 16
a llama

Heather
    $400 9
See no evil, hear no evil, speak no evil."

Joshua
    $400 27
Priority

Joshua
    $400 3
tennis

Heather
    $400 7
a tart

Joshua
    $400 22
the Trojan Horse

Kristin
    $400 17
an alligator

Joshua
    $600 10
a lion

Kristin
    $600 28
courier service

Triple Stumper
    $600 4
football

Heather
    $600 13
doing donuts

Joshua
    $1,600 23
Medusa

Kristin
    $600 18
gull

Heather
    $800 11
Man doesn't live by bread alone

Joshua
    $800 29
a horse trailer

Joshua
    $800 5
golf

Heather
    $800 14
pie

Heather
    $800 24
Medea

Heather
    $800 19
an armadillo

Joshua
    $1000 12
the corporate ladder

Kristin
    $1000 30
[Alex reads "At. No." in the clue as "atomic number."]

lead

Joshua
    $1000 6
race car driving

Kristin
    $1000 15
a trifle

Joshua
    $1000 25
Hera

Kristin
    $1000 20
mandrill

Heather

Scores at the first commercial break (after clue 15):

Joshua Heather Kristin
$3,200 $2,800 $3,000

Scores at the end of the Jeopardy! Round:

Joshua Heather Kristin
$6,800 $5,600 $6,000

Double Jeopardy! Round responses

WOMEN AUTHORS
A LITTLE "BRO"MANCE
PENINSULAS
INTERNATIONAL TV TITLES
NON-BRITISH ROYALS
FABRICS
    $400 1
Anne Rice

Joshua
    $400 8
a brogue

Joshua
    $400 16
Italy

Heather
    $400 2
Star Trek

Joshua
    $400 26
Prince Albert (of Monaco)

Heather
    $400 19
(Heather: What is cotton?)

linen

Heather
Triple Stumper
    $800 4
The Age of Innocence

Heather
    $800 12
a brochure

Joshua
    $800 17
(Heather: What is Big Sur?)

Monterey

Heather
Triple Stumper
    $800 3
Law & Order

Heather
    $800 27
Sweden

Heather
    $800 20
China

Heather
    $1200 5
Jamaica

Heather
    $1200 13
broil

Joshua
    $1200 18
(Joshua: What's Newfoundland?)

Nova Scotia

Joshua
Triple Stumper
    $6,000 9
Baywatch

Joshua
    $1200 28
Bahrain

Triple Stumper
    $1200 21
velvet

Kristin
    $1600 6
Judith Krantz

Heather
    $1600 14
broach

Heather
    $3,200 24
the Malay Peninsula

Joshua
    $1600 10
Six Feet Under

Heather
    $1600 29
Hussein

Heather
    $1600 22
lace

Triple Stumper
    $2000 7
(Alex: You got it, and you did well in that category. You have a big lead now--$12,000 your total.)

Maeve Binchy

Heather
    $2000 15
broker

Heather
    $2000 25
Kamchatka

Joshua
    $2000 11
(Kristen: What is Sex and the City?)

Desperate Housewives

Kristin
Triple Stumper
    $2000 30
Swaziland

Triple Stumper
    $2000 23
Janus

Joshua

Scores at the end of the Double Jeopardy! Round:

Joshua Heather Kristin
$22,000 $20,000 $5,200

[wagering suggestions for these scores]

Final Jeopardy! Round responses

THE GRAMMYS
KristinWhat is Artist of the Year?
$4,100
HeatherWhat is Spoken Word?
$2,001
JoshuaWhat is Spoken Word?
$1,994
Best New Artist

Final scores:

Joshua Heather Kristin
$20,006 $17,999 $1,100
4-day champion: $69,611 2nd place: $2,000 3rd place: $1,000

Game dynamics:

Coryat scores:

Joshua Heather Kristin
$15,600 $20,000 $4,200
20 R
(including 2 DDs),
1 W
23 R,
2 W
9 R
(including 1 DD),
1 W

Combined Coryat: $39,800

[game clues] [game scores] [suggest correction]

Game tape date: 2012-10-24
The J! Archive is created by fans, for fans. Scraping, republication, monetization, and malicious use prohibited; this site may use cookies and collect identifying information. See terms. The Jeopardy! game show and all elements thereof, including but not limited to copyright and trademark thereto, are the property of Jeopardy Productions, Inc. and are protected under law. This website is not affiliated with, sponsored by, or operated by Jeopardy Productions, Inc. Join the discussion at JBoard.tv.